| 000 | 00487cam a2200181ua 4500 | ||
|---|---|---|---|
| 001 | 698 | ||
| 008 | 110412n ii |||gr||||Z||||||eng | ||
| 040 | _cMAIN | ||
| 082 | _a342.54 | ||
| 245 |
_aIndian constitution and administration. _cBy Arun Bhattacharjee. |
||
| 250 | _a2nd. | ||
| 260 |
_aGowahati.: _bBina library.,988. |
||
| 300 | _a283 p.:5 cm. | ||
| 653 | _aPolitical science. | ||
| 653 | _aIndian constitution and administration. | ||
| 700 | 1 | _aBhattacharjee, Arun., | |
| 942 | _cBK | ||
| 999 |
_c625 _d625 |
||